[Event "Cattolica Weekend 1st"]
[Site "Cattolica"]
[Date "2019.06.16"]
[Round "5"]
[White "Bettalli, Francesco"]
[Black "Imburgia, Giuseppe"]
[Result "0-1"]
[WhiteElo "2169"]
[BlackElo "2041"]
[PlyCount "144"]
[EventDate "2019.06.14"]
[EventType "swiss"]
[EventRounds "5"]
[EventCountry "ITA"]
[SourceTitle "CBM 191 Extra"]
[Source "ChessBase"]
[SourceDate "2019.09.30"]
[SourceVersion "1"]
[SourceVersionDate "2019.09.30"]
[SourceQuality "1"]

1. e4 e6 2. d4 d5 3. Nc3 Bb4 4. Nge2 dxe4 5. a3 Bxc3+ 6. Nxc3 Nc6 7. Bb5 Bd7 8. Nxe4 Nce7 9. Qe2 a6 10. Bd3 Bc6 11. c3 Bxe4 12. Bxe4 c6 13. Bf4 Nf6 14. Bf3 0-0 15. 0-0 Qb6 16. Rfd1 Rfd8 17. Bg5 Ng6 18. h4 h6 19. h5 Ne7 20. Bh4 Nf5 21. Bxf6 gxf6 22. Be4 Ng7 23. g4 Qb5 24. Rd3 f5 25. a4 Qa5 26. gxf5 exf5 27. Bg2 f4 28. d5 Qc7 29. Rad1 cxd5 30. Rxd5 Rxd5 31. Rxd5 Re8 32. Qd1 b6 33. Bf3 Ne6 34. Qe2 Qe7 35. Kf1 Qh4 36. Re5 Rd8 37. Bg2 Ng5 38. Re8+ Rxe8 39. Qxe8+ Kg7 40. Qe5+ Kg8 41. f3 Qxh5 42. Qxf4 Qg6 43. Qd2 Qb1+ 44. Kf2 Qg6 45. b4 Qf6 46. Qd3 a5 47. bxa5 bxa5 48. Qd4 Qf5 49. Kg3 h5 50. Qf4 Qxf4+ 51. Kxf4 Ne6+ 52. Ke5 Nc5 53. Kd4 Nxa4 54. c4 Kf8 55. c5 Ke7 56. Bh3 Kd8 57. Kc4 Kc7 58. f4 Nb2+ 59. Kc3 Nd1+ 60. Kd2 Nf2 61. Bf5 Kc6 62. Ke2 Ng4 63. Kf3 Kxc5 64. Kg3 a4 65. Kh4 a3 66. Bb1 Nf6 67. Ba2 Nd5 68. f5 Nc3 69. Bb3 a2 70. Bxa2 Nxa2 71. Kg5 Nc3 72. Kf6 h4 0-1

[Event "ITA-ch rapid"]
[Site "Chianciano Terme"]
[Date "2018.03.31"]
[Round "2"]
[White "Imburgia, Giuseppe"]
[Black "Moroni, Luca Jr"]
[Result "0-1"]
[WhiteElo "2066"]
[BlackElo "2559"]
[PlyCount "82"]
[EventDate "2018.03.31"]
[EventType "swiss (rapid)"]
[EventRounds "7"]
[EventCountry "ITA"]
[SourceTitle "CBM 183 Extra"]
[Source "ChessBase"]
[SourceDate "2018.04.19"]
[SourceVersion "1"]
[SourceVersionDate "2018.04.19"]
[SourceQuality "1"]

1. d4 d5 2. Nf3 Nf6 3. c4 e6 4. Nc3 c6 5. e3 Nbd7 6. Bd3 a6 7. b3 Bb4 8. Bd2 0-0 9. 0-0 Bd6 10. e4 dxc4 11. bxc4 e5 12. d5 Nc5 13. Bg5 h6 14. Be3 Bg4 15. Bxc5 Bxc5 16. h3 Bxf3 17. Qxf3 Bd4 18. Rac1 Bxc3 19. Rxc3 Qd7 20. Rb1 cxd5 21. cxd5 Rfc8 22. Rxc8+ Rxc8 23. Rb6 Ne8 24. Qg4 Qxg4 25. hxg4 Rc7 26. g3 Kf8 27. Kf1 Nf6 28. Ke2 Nd7 29. d6 Rc2+ 30. Bxc2 Nxb6 31. Bb3 Ke8 32. a4 f6 33. a5 Nd7 34. Be6 Nc5 35. Bf5 Nb3 36. Kd3 Nxa5 37. Kc3 Kd8 38. Kb4 b6 39. f4 Nb7 40. fxe5 fxe5 41. d7 Nd6 0-1

[Event "Biella op-A 7th"]
[Site "Biella"]
[Date "2016.09.24"]
[Round "3.6"]
[White "Mrdja, Milan"]
[Black "Imburgia, Giuseppe"]
[Result "1-0"]
[WhiteElo "2316"]
[BlackElo "1960"]
[PlyCount "111"]
[EventDate "2016.09.23"]
[EventType "swiss"]
[EventRounds "5"]
[EventCountry "ITA"]
[SourceTitle "EXT 2024"]
[Source "ChessBase"]
[SourceDate "2023.10.10"]
[SourceVersion "1"]
[SourceVersionDate "2023.10.10"]
[SourceQuality "1"]

1. e4 e6 2. d4 d5 3. e5 c5 4. c3 Nc6 5. Nf3 Qb6 6. a3 c4 7. Nbd2 Na5 8. Be2 Bd7 9. 0-0 Be7 10. Re1 h5 11. Rb1 Nh6 12. g3 Nf5 13. h3 Nb3 14. Nxb3 cxb3 15. Nd2 Ba4 16. Bxh5 g6 17. Bg4 0-0-0 18. Nf3 Rdf8 19. Bg5 Qd8 20. Qd2 Bb5 21. Rbd1 Kb8 22. Kg2 Bc4 23. h4 a5 24. Rh1 Bxg5 25. Nxg5 Ng7 26. f4 a4 27. Rh2 Qe8 28. Nh3 Qb5 29. Nf2 Rc8 30. Bf3 Qa6 31. Ng4 Nh5 32. Kf2 b5 33. Ne3 Ng7 34. Rdh1 b4 35. axb4 a3 36. bxa3 Qxa3 37. Rb1 Rc7 38. Rhh1 Ra7 39. g4 Kc7 40. Kg3 Qa6 41. Rb2 Qb5 42. Nxc4 dxc4 43. d5 Rd8 44. d6+ Kd7 45. Qd4 Ra6 46. Rbb1 Rb8 47. Be2 Rc8 48. Ra1 Rcc6 49. Bf3 Rc8 50. Be4 Rb8 51. Qc5 Qxc5 52. bxc5 Rxa1 53. Rxa1 b2 54. Ra7+ Ke8 55. c6 Kf8 56. c7 1-0

[Event "Nicolo La Rosa op 18th"]
[Site "Mazara del Vallo"]
[Date "2010.08.20"]
[Round "5"]
[White "Mancuso, Fabrizio"]
[Black "Imburgia, Giuseppe"]
[Result "0-1"]
[WhiteElo "1335"]
[BlackElo "1611"]
[PlyCount "34"]
[EventDate "2010.08.18"]
[EventType "swiss"]
[EventRounds "9"]
[EventCountry "ITA"]
[SourceTitle "EXT 2024"]
[Source "ChessBase"]
[SourceDate "2023.10.10"]
[SourceVersion "1"]
[SourceVersionDate "2023.10.10"]
[SourceQuality "1"]

1. e4 e5 2. Nf3 Nc6 3. Bc4 Bc5 4. 0-0 Nf6 5. d4 Bxd4 6. Nxd4 Nxd4 7. Bg5 h6 8. Bh4 g5 9. Bg3 d6 10. Nc3 Be6 11. Bb3 h5 12. Ba4+ c6 13. f4 gxf4 14. Bxf4 Qb6 15. Be3 Ng4 16. Qd3 Nxe3 17. Qxe3 Nxc2 0-1

[Event "Nicolo La Rosa op 15th"]
[Site "Mazara del Vallo"]
[Date "2007.08.12"]
[Round "5"]
[White "Roberti, Ignazio"]
[Black "Imburgia, Giuseppe"]
[Result "1-0"]
[WhiteElo "1960"]
[BlackElo "1557"]
[PlyCount "93"]
[EventDate "2007.08.10"]
[EventType "swiss"]
[EventRounds "6"]
[EventCountry "ITA"]
[SourceTitle "EXT 2011"]
[Source "ChessBase"]
[SourceDate "2010.11.26"]
[SourceVersion "1"]
[SourceVersionDate "2010.11.26"]
[SourceQuality "1"]

1. Nf3 Nf6 2. c4 d6 3. b3 e5 4. Bb2 g6 5. d3 Bg7 6. g3 Be6 7. Bg2 Nc6 8. Nc3 Qd7 9. h3 h6 10. Qd2 a6 11. a3 Nd4 12. Nxd4 exd4 13. Na4 d5 14. Nc5 Qc6 15. Bxd4 b6 16. Nxe6 fxe6 17. cxd5 exd5 18. Rc1 Qd6 19. Qc3 0-0 20. Qxc7 Qxa3 21. Bxf6 Rf7 22. Bxd5 Qa5+ 23. Qc3 Qxd5 24. e4 Qd7 25. Bxg7 Rxg7 26. Qc6 Qd8 27. Ke2 Rb8 28. Rc4 b5 29. Rc5 Kh7 30. Rhc1 Rb6 31. Qc8 Qd4 32. Rc7 Rf6 33. Rxg7+ Kxg7 34. Rc7+ Rf7 35. Rxf7+ Kxf7 36. Qb7+ Kf8 37. Qc8+ Kf7 38. Qc7+ Kf8 39. Qf4+ Kg7 40. e5 Qb2+ 41. Kf3 Qxb3 42. Qf6+ Kh7 43. Qe7+ Kg8 44. Qd8+ Kg7 45. Qd7+ Kg8 46. e6 Qd1+ 47. Kg2 1-0

[Event "Nicolo La Rosa op 14th"]
[Site "Mazara del Vallo"]
[Date "2006.08.13"]
[Round "6"]
[White "Imburgia, Giuseppe"]
[Black "Speciale, Francesco"]
[Result "0-1"]
[WhiteElo "1572"]
[BlackElo "1751"]
[PlyCount "102"]
[EventDate "2006.08.11"]
[EventType "swiss"]
[EventRounds "6"]
[EventCountry "ITA"]
[SourceTitle "EXT 2011"]
[Source "ChessBase"]
[SourceDate "2010.11.26"]
[SourceVersion "1"]
[SourceVersionDate "2010.11.26"]
[SourceQuality "1"]

1. e4 g6 2. Nf3 Bg7 3. d4 e6 4. c3 Ne7 5. Bd3 0-0 6. 0-0 d5 7. Bf4 Nd7 8. e5 b6 9. Qd2 c5 10. Bh6 c4 11. Bc2 Ba6 12. h4 b5 13. h5 Rc8 14. Qf4 b4 15. Bxg7 Kxg7 16. h6+ Kg8 17. Qf6 Nxf6 18. exf6 Nf5 19. g4 Nxh6 20. g5 b3 21. axb3 cxb3 22. Rxa6 bxc2 23. Na3 Ng4 24. Nxc2 Nxf6 25. gxf6 Qxf6 26. Ne5 Qg5+ 27. Kh1 h5 28. Rxa7 h4 29. Rg1 Qf4 30. Nxg6 Qe4+ 31. Kh2 fxg6 32. Rxg6+ Qxg6 33. Rg7+ Kh8 34. Rxg6 Rxf2+ 35. Kh3 Rxc2 36. Kxh4 Rxb2 37. Rxe6 Rxc3 38. Rd6 Rb4 39. Rxd5 Rcc4 40. Rd8+ Kg7 41. Kg4 Rxd4+ 42. Rxd4 Rxd4+ 43. Kg3 Kf6 44. Kh2 Rg4 45. Kh1 Kf5 46. Kh2 Kf4 47. Kh1 Kf3 48. Kh2 Rg3 49. Kh1 Kf2 50. Kh2 Ra3 51. Kh1 Rh3# 0-1

[Event "Nicolo La Rosa op 14th"]
[Site "Mazara del Vallo"]
[Date "2006.08.12"]
[Round "4"]
[White "Imburgia, Giuseppe"]
[Black "Melia, Lorenzo"]
[Result "0-1"]
[WhiteElo "1572"]
[BlackElo "1727"]
[PlyCount "106"]
[EventDate "2006.08.11"]
[EventType "swiss"]
[EventRounds "6"]
[EventCountry "ITA"]
[SourceTitle "EXT 2011"]
[Source "ChessBase"]
[SourceDate "2010.11.26"]
[SourceVersion "1"]
[SourceVersionDate "2010.11.26"]
[SourceQuality "1"]

1. e4 d5 2. exd5 Nf6 3. Nf3 Bg4 4. h3 Bh5 5. Bb5+ Nbd7 6. g4 Bg6 7. Ne5 a6 8. Ba4 b5 9. Nc6 Qc8 10. Bb3 Be4 11. f3 Bxd5 12. Nd4 e6 13. Nc3 Bb7 14. d3 c5 15. Nde2 Bxf3 16. Rf1 Qc6 17. Bf4 Be7 18. Qd2 0-0 19. 0-0-0 a5 20. a4 b4 21. Ne4 Bxe4 22. dxe4 c4 23. Nd4 Qc8 24. e5 Nd5 25. Ba2 c3 26. Qe2 cxb2+ 27. Kxb2 Nc3 28. Qd2 Nxd1+ 29. Rxd1 Nc5 30. Bb3 Ne4 31. Qe3 Qc3+ 32. Qxc3 Nxc3 33. Re1 Rfd8 34. Nc6 Bh4 35. Rf1 Rd1 36. Rxd1 Nxd1+ 37. Ka2 Nf2 38. Bd2 Nxh3 39. c3 bxc3 40. Bxc3 Nf2 41. Be1 g5 42. Bxa5 Nxg4 43. Bc7 Bg3 44. Bd1 h5 45. Ka3 Kg7 46. Kb4 Rc8 47. Kb5 Rxc7 48. Kb6 Rxc6+ 49. Kxc6 Nxe5+ 50. Kd6 Nc4+ 51. Kc5 Na5 52. Bxh5 f5 53. Kb5 Be1 0-1